000 00518nam a2200169 i 4500
001 149197
003 ES-MaACL
005 20230906203009.0
007 t|
008 071019s1966 sp |||| | spa d
100 1 _aVega y Relea, Juvenal de.
_9113635
245 1 3 _aEl mundo hispánico
_b: comunidad de cultura y educación /
_cJuvenal de Vega y Relea.
260 _aMadrid :
_bAfrodisio Aguado,
_c[1966]
300 _a296 p. ;
_c22 cm.
650 0 4 _aCivilización hispánica.
_911097
852 _aES-MaACL
_jC-30760
999 _c149197
_d149197